Moderné monetárne teórie a ich aplikácia diplomová práca

Gespeichert in:
Bibliographische Detailangaben
1. Verfasser: Lesičková, Silvia
Körperschaft: Národohospodárska fakulta EU. Katedra bankovníctva a medzinárodných financií
Weitere Verfasser: Dujava, Daniel
Format: Buch
Sprache:Slowakisch
Veröffentlicht: Bratislava 2015
Tags: Tag hinzufügen
Keine Tags, Fügen Sie das erste Tag hinzu!

MARC

LEADER 00000nbm a2200000 4500
001 0202505
005 20170306144048.5
041 0 |a slo 
044 |a SK 
245 1 0 |a Moderné monetárne teórie a ich aplikácia  |b diplomová práca  |c Silvia Lesičková ; školiteľ: Daniel Dujava 
264 1 |a Bratislava  |c 2015 
300 |a 54 s. 
100 1 |a Lesičková, Silvia 
700 1 |a Dujava, Daniel 
710 2 |a Národohospodárska fakulta EU. Katedra bankovníctva a medzinárodných financií